| 000 | 01067nam2a2200253 4500 | ||
|---|---|---|---|
| 001 | RU\NLR\BIBL_A\010510587 | ||
| 005 | 20250614061941.0 | ||
| 021 |
_aRU _b2014-62291 _93793 |
||
| 035 | _a(NLR Aleph) 010510587 | ||
| 090 |
_a10176543 _c10176543 |
||
| 100 | _a20080504d2014 |||y0rusy50 ca | ||
| 101 | 0 | _arus | |
| 102 | _aRU | ||
| 105 | _ac|||z||||10yc | ||
| 200 | 0 |
_aТ. 5 _f[авт. и сост.: Михаил Мосалев] |
|
| 210 |
_aМосква _c[б.и.] _d2014 |
||
| 215 |
_a255 с., 16 с. цв. портр. _cпортр. |
||
| 300 | _aНа тит. л.: 70-летию Великой Победы посвящается | ||
| 461 | 0 |
_1001RU\NLR\bibl\1222107 _12000#$aВетеранский полк$f[сост. В.В. Николаев, М.В. Мосалев]$vТ. 5 _962761 _cМосква _d2007 _f[сост. В.В. Николаев, М.В. Мосалев] _nАрмос _tВетеранский полк _vТ. 5 |
|
| 702 | 1 |
_aМосалев _bМ. В. _gМихаил В _4220 |
|
| 942 | _cBOOK | ||
| 980 | _aNB | ||